Text book of immuno pathology & immunological tests / (Record no. 42847)

MARC details
000 -LEADER
fixed length control field 00756nam a22002057a 4500
005 - DATE AND TIME OF LATEST TRANSACTION
control field 2010082109079.0
010 ## - LCCN (DPL NO)
LC control number ENG-101180
020 ## - INTERNATIONAL STANDARD BOOK NUMBER
International Standard Book Number 8190812874
Terms of availability 80.00
020 ## - INTERNATIONAL STANDARD BOOK NUMBER
International Standard Book Number 9788190812870
Terms of availability 80.00
035 ## - SYSTEM CONTROL NUMBER
System control number EN-84713
037 ## - SOURCE OF ACQUISITION
Source of stock number/acquisition DBAD/PUB
082 ## - DEWEY DECIMAL CLASSIFICATION NUMBER
Classification number 616.07
100 ## - MAIN ENTRY--PERSONAL NAME
Personal name Jagadeesan, K.
245 ## - TITLE STATEMENT
Title Text book of immuno pathology & immunological tests /
Statement of responsibility, etc by K. Jagadeesan
260 ## - PUBLICATION, DISTRIBUTION, ETC. (IMPRINT)
Place of publication, distribution, etc Kaveripattinam
Name of publisher, distributor, etc Bharathi & Bharathi Publications
Date of publication, distribution, etc 2009
270 ## - ADDRESS
Address 21(15) 2nd Cross Street
City Kaveripattinam
Postal code 635112
300 ## - PHYSICAL DESCRIPTION
Extent 71p.:
Other physical details ill.
Dimensions 21cm (pbk)
942 ## - ADDED ENTRY ELEMENTS (KOHA)
Source of classification or shelving scheme Dewey Decimal Classification
Item type English Books
Classification part 616.07
Call number suffix JAG
Holdings
Withdrawn status Lost status Not for loan Collection code Home library Current library Date acquired Source of acquisition Cost, normal purchase price Full call number Barcode Copy number Cost, replacement price Koha item type
    Not For Loan Non-fiction D.B.Act.Division D.B.Act.Division 21/08/2010 DBAD/PUB 80.00 616.07 JAG EN-84713 1 80.00 English Books

© Delhi Public Library
Hit Counter
free hit counter